Директорът на компанията майка идва на откриването на разширението на "ВИТТЕ Аутомотив България" (Запис номер 543300)
[ съкратено ]
| 000 -Лидер | |
|---|---|
| Лидер | 01138aaa a2200241 a 4500 |
| 003 - Код на организацията, давaща контролен номер | |
| Код на организацията, даваща контролен номер | BLK |
| 005 - Дата и час на последна редакция | |
| Дата и час на последна редакция | 20250704152758.0 |
| 007 - Фиксирано поле за физическо описани | |
| Физическо описание | ta |
| 008 - Елементи от данни с фиксирана дължина | |
| Елементи с фиксирана дължина | 221104b bu |||||r|||| 00| | bu d |
| 040 ## - Източник на каталожния запис | |
| Код на библиотеката | BLK |
| 041 ## - Код за език | |
| Език | Български |
| Език за КДБФ | Български |
| 080 ## - УДК | |
| УДК текст | Регионална икономика. Териториална икономика. Вж и 314.7 ; 330.15 ; 330.322 ; 331.5 ; 338.49 |
| УДК код | 332.1 |
| УДК – код + определител | 332.1(497.215) |
| 245 ## - Сведения за заглавието | |
| Заглавие | Директорът на компанията майка идва на откриването на разширението на "ВИТТЕ Аутомотив България" |
| 300 ## - Физическа характеристика | |
| Брой страници | с. 2 |
| 520 ## - Забележка за наличие на резюме, анотация и т.н | |
| Анотация, рецензия | Райнер Гьолц и членове на борда на директорите на групата "ВИТТЕ Аутомотив". Снимка |
| 653 ## - Ключова дума – ненормативна | |
| 9 (RLIN) | 195357 |
| Ключови думи | регионална икономика |
| 653 ## - Ключова дума – ненормативна | |
| 9 (RLIN) | 199386 |
| Ключови думи | фирми |
| 653 ## - Ключова дума – ненормативна | |
| 9 (RLIN) | 180361 |
| Ключови думи | автомобилни части |
| 773 0# - Описание на основна библиографска единица при аналитични записи (многотомни) | |
| Заглавие на източника | Утро, № 122, 4 - 6 юли 2025 |
| Контролен номер на записа | 524478 |
| Информация за връзката | . // |
| 856 ## - Електронен адрес и достъп | |
| Инструкция (цена за достъп) | 0.00 |
| Права за достъп | disable |
| 942 ## - АРТИКУЛИ | |
| Източник на класификационната схема | Universal Decimal Classification |
| Вид на библиотечния документ | Статия |
| Скрит в OPAC | Не |
| 944 ## - СЪЗДАВАНЕ И РЕДАКЦИЯ на ЗАПИСА | |
| Дата на регистрацията/редакция | Валя Йорданова |
| Служител, извършил регистрацията/редакцията | 30558 |
| Номер на служител | Валя Йорданова |
| Създаване/Редакция | |
| 999 ## - СИСТЕМНИ КОНТРОЛНИ НОМЕРА | |
| Koha biblionumber | 543300 |
| Koha biblioitemnumber | 543300 |
Няма налични копия.